Classes de navires Français (ww2) - Statistiques

Statistiques générales
  • Ce quiz a été pris 103 fois
  • Le résultat moyen est 4 sur 33
Statistiques - réponses
Type de navire Classes % Correct
Cuirassé Richelieu
82%
Cuirassé Bretagne
66%
Cuirassé Dunkerque
61%
Croiseur lourd Algérie
44%
Cuirassé Normandie
40%
Cuirassé Courbet
30%
Croiseur léger Colbert
14%
Croiseur léger Duguay-Trouin
12%
Croiseur lourd Duquesne
12%
Torpilleur Bourrasque
8%
Cuirassé Danton
8%
Cuirassé République
8%
Croiseur lourd Suffren
8%
Cuirassé Liberté
5%
Croiseur léger De Grasse
4%
Croiseur cuirassé Gloire
4%
Torpilleur Hardi
3%
Cuirassé Marceau
3%
Cuirassé Charlemagne
1%
Croiseur protégé Jurien de la Gravière
1%
Croiseur protégé Sfax
1%
Destroyer T-47
1%
Destroyer T-53
1%
Cuirassé Amiral Baudin
0%
Croiseur protégé Amiral Cécille
0%
Croiseur cuirassé Amiral Charner
0%
Croiseur cuirassé Duplex
0%
Croiseur cuirassé Dupuy-le-lôme
0%
Croiseur cuirassé Edgar Quinet
0%
Croiseur cuirassé Gueydon
0%
Destroyer L'adroit
0%
Torpilleur La Melpomène
0%
Croiseur cuirassé Léon Gambetta
0%
Aucun quiz correspondant
Distribution des résultats
% des personnes avec chaque résultat
Percentile par nombre de réponses
Votre historique - résultats
Vous n’avez pas pris ce quiz